Регионална библиотека "Любен Каравелов" - Русе

Игра (Запис номер 132872)

MARC детайли
000 -Лидер
Контролно поле с фиксирана дължина 01358nam a2200325 c 4500
003 - Код на организацията, давaща контролен номер
Контролно поле BLK
005 - Дата и час на последна редакция
Контролно поле 20240207005351.0
008 - Елементи от данни с фиксирана дължина
fixed length control field 180409b bul|||||r ||||||| ||bul||
010 ## - Наследен системен номер
LC control number KNG00138750000
040 ## - Източник на каталожния запис
Идентификатор на билиотеката - собственик на записа BLK
041 ## - Код за език
Код за езика на текст/звукозапис или на отделно заглавие Български
Код за езика КДБФ Български
080 ## - УДК
Текстов определител УДК Руска литература
УДК код - определител по УДК 821.161.1
УДК определител -31
УДК - код + определител 821.161.1-31
100 1# - Редна дума - Автор
Автор Бондарев, Юрий Василиевич
Авторска отговорност първи автор
R(LIN) 377721
139 ## - Редно поле
Редна дума Бондарев, Юрий Василиевич
Авторски знак Бон - Б 62
245 10 - Сведения за заглавието
Заглавие Игра
Подзаглавни данни Роман
Редно поле (дума) Юрий Василиевич Бондарев; прев. от рус. Емилия Любенова Масларова; с предг. от Георги Иванов Пенчев.
257 ## - Страна на издаване
Страна на създаване/издаване СССР
260 ## - Област на издателските данни
-- София
Име на издателя, разпространителя и проч. Партиздат
Година на издаване 1987
300 ## - Физическа характеристика
Страници 263 с.
Размери/Мащаб 20 см
380 ## - Жанр
Жанр Худож. лит.
490 1# - СЕРИИ (Колекции)
Име на серия Съвременна съветска проза
500 ## - Общи забележки
Забележка Ориг. загл. Игра / Юрий Бондарев. - Без тир.
700 ## - Други автори (авторска отговорност)
Лично име Масларова, Емилия Любенова
Дати, свързани с автора 1956-
9 (RLIN) 363911
700 1# - Други автори (авторска отговорност)
Лично име Пенчев, Георги Иванов
Автороска отговорност (Описва отношението между автора и произведението) с предг. от
9 (RLIN) 370871
852 ## - Местоположение
Форматна сигнатура Цб 149185
856 4# - Електронен адрес и достъп
Електронен формат pdf - файл
Път до файла /url/
856 4# - Електронен адрес и достъп
Електронен формат pdf - файл
Път до файла /url/
942 ## - АРТИКУЛИ
Вид на библиотечния материал Книги
Скрит в OPAC Не
944 ## - СЪЗДАВАНЕ И РЕДАКЦИЯ на ЗАПИСА
Създаване/Редакция Създаване
Дата на регистрацията/редакция 30.01.2013
Статус, дата на статуса CRON CRON
Служител, извършил регистрацията/редакцията
944 ## - СЪЗДАВАНЕ И РЕДАКЦИЯ на ЗАПИСА
Създаване/Редакция Редакция
Дата на регистрацията/редакция 30.01.2013
Статус, дата на статуса 30.01.2013 - от С1,Р / 30.01.2013
Служител, извършил регистрацията/редакцията
999 ## - СИСТЕМНИ КОНТРОЛНИ НОМЕРА
Koha biblionumber 132872
Koha biblioitemnumber 132872
Наличности
Код за отписване Код за изгубен артикул Източник на класификационната схема Код за повреда Коз за рестрикции Код за отдаване Артикулен № Име на библиотеката - собственик Име на библиотеката, в която се намира в момента Статус (Текущо местоположение) Дата на вписване в системата Местоположение - отдел Цена в лева Инвентарен номер Систематично азбучна сигнатура Баркод Номер на екземпляра Цена в евро Служебна бележка Служебен тип на артикула
  Не е изгубен Universal Decimal Classification Не е повреден без рестрикции ползва се в читалня 216705 Регионална библиотека "Любен Каравелов" Русе Регионална библиотека "Любен Каравелов" Русе Хранилище 1987-01-01 Хранилище 2.00 480317 Цб 149185 120000480317 1 1.02 N: стар фонд Дата: 01.01.1987 Книги
Изтеглен Не е изгубен Universal Decimal Classification Не е повреден без рестрикции заемане за дома 216706 Регионална библиотека "Любен Каравелов" Русе Регионална библиотека "Любен Каравелов" Русе Заемна - подръчен фонд 1987-01-01 Заемна - подръчен фонд 2.00 480902 П 882-31/Б 62 480902 2 1.02 N: стар фонд Дата: 01.01.1987 Книги
Изтеглен Не е изгубен Universal Decimal Classification Не е повреден без рестрикции заемане за дома 216707 Регионална библиотека "Любен Каравелов" Русе Регионална библиотека "Любен Каравелов" Русе Заемна - подръчен фонд 1987-01-01 Заемна - подръчен фонд 2.00 480905 П 882-31/Б 62 480905 3 1.02 N: стар фонд Дата: 01.01.1987 Дата инв: 09.02.2018 Бележки инв: П2018 Книги
Vip Innovations Ltd, Rousse, Bulgaria 2025